Open Data Biblioteca Nacional de Portugal


República Portuguesa: Ministério da Cultura
Biblioteca Nacional de Portugal

Catálogo da BNP: acesso por Identificadores Unívocos
Registos Bibliográficos associados ao registo de autoridade

Etiqueta de registo: 00254nam 2200025 450
001 2284292
003 http://id.bnportugal.gov.pt/bib/catbnp/2284292
100 ## $a20260414d2025 k y0pory01030103ba
101 0# $apor$deng
102 ## $aPT
105 ## $aa m 000yy
106 ## $ar
200 1# $aPráticas para uma educação inclusiva$e as comunidades de aprendizagem e o seu contributo para o sucesso escolar de todos$fAna Sofia Clemente Gonçalves$gorient. João Filipe de Lacerda Matos
210 #9 $aLisboa$c[s.n.],$d2025
215 ## $a2 v.$cil.$d30 cm
328 #1 $aTese dout. Educação, Faculdade de Ciências Sociais, Educação e Administração, Universidade Lusófona, 2025
675 ## $a37.043(469.412)(043)$vBN$zpor$31344290
700 #1 $aGonçalves,$bAna Sofia Clemente$31995580
702 #1 $aMatos,$bJoão Filipe$4727$332575
801 #0 $aPT$bBN$gRPC
966 ## $b001$dVol. 1$lBN$mFGMON$sS.C. 169215 V.$x1
966 ## $b001$dVol. 2$lBN$mFGMON$sS.C. 169216 V.$x1
971 ## $cisantos$d20260414
972 ## $e0$z0$d20260528$vasantos
973 ## $caalmeid$d20260526

OpendataBNP@bnportugal.pt | Mais informação sobre acesso aos dados BNP